[Event "28th 4NCL Congress"]
[Site "Leamington Spa"]
[Date "2022.07.08"]
[Round "1"]
[Board "24"]
[White "Stubbs, Oliver"]
[Black "Wedge, David C"]
[Result "1-0"]
[WhiteElo "2134"]
[BlackElo "1927"]
[PlyCount "123"]
[EventDate "2022.07.08"]
[EventRounds "5"]
[EventCountry "ENG"]

1. d4 c5 2. d5 e6 3. e4 exd5 4. exd5 d6 5. Nc3 Na6 6. Nf3 Nc7 7. a4 Nf6 8. Be2
Bg4 9. O-O Be7 10. h3 Bxf3 11. Bxf3 O-O 12. Rb1 Rb8 13. b4 cxb4 14. Rxb4 Na6
15. Rb1 Nc5 16. Re1 Re8 17. Bf4 a6 18. Qd4 Qd7 19. g4 h6 20. Bg3 Nh7 21. Qb4
Ng5 22. Bg2 Bf8 23. a5 Rxe1+ 24. Rxe1 Re8 25. Rb1 f5 26. Qf4 fxg4 27. hxg4 Qf7
28. Qxf7+ Nxf7 29. Rb4 Ne5 30. Ne4 Nxe4 31. Rxe4 Kf7 32. Rf4+ Ke7 33. Rb4 Rb8
34. Bf1 Nd7 35. f3 b5 36. axb6 Rxb6 37. Re4+ Kd8 38. Bf2 Rb2 39. c3 Nf6 40. Rd4
Ra2 41. Kg2 g5 42. Bc4 Ra3 43. Rd3 Bg7 44. Re3 Kd7 45. Bg3 Ne8 46. Re6 Rxc3 47.
Bxa6 Rc5 48. Bb7 Rc2+ 49. Kf1 Rc3 50. Ke2 Rc7 51. Ba6 Rc5 52. Rg6 Rxd5 53. Bc4
Rc5 54. Bf7 Be5 55. Bf2 Rc2+ 56. Kf1 Ke7 57. Bb3 Rc1+ 58. Kg2 Bg7 59. Re6+ Kd8
60. Ba4 Nc7 61. Bb6 Rc4 62. Re8#  1-0

[Event "28th 4NCL Congress"]
[Site "Leamington Spa"]
[Date "2022.07.08"]
[Round "1"]
[Board "25"]
[White "Li, Ethan Bingxuan"]
[Black "Jina, Taran"]
[Result "1-0"]
[WhiteElo "1902"]
[BlackElo "2131"]
[PlyCount "117"]
[EventDate "2022.07.08"]
[EventRounds "5"]
[EventCountry "ENG"]

1. e4 e6 2. d4 d5 3. Nd2 Be7 4. e5 c5 5. c3 Nc6 6. Ndf3 f6 7. exf6 Nxf6 8. Bd3
O-O 9. Ne2 Bd6 10. O-O e5 11. dxe5 Nxe5 12. Nxe5 Bxe5 13. Bf4 Qd6 14. Bxe5 Qxe5
15. Qd2 Ng4 16. Ng3 Bd7 17. Rae1 Qd6 18. h3 Nxf2 19. Ne4 Nxe4 20. Bxe4 Bc6 21.
Rxf8+ Rxf8 22. Rd1 Rd8 23. Qc2 h6 24. Bxd5+ Bxd5 25. c4 Qe6 26. Qd3 Qe5 27.
cxd5 Qxb2 28. d6 Qd4+ 29. Qxd4 cxd4 30. Rxd4 Kf7 31. Ra4 a6 32. Rb4 Rd7 33. Rb6
Ke6 34. Kf2 Kd5 35. a4 a5 36. Rb5+ Kc6 37. Rxa5 Rxd6 38. Ke3 Rd1 39. h4 Ra1 40.
Kf4 Rf1+ 41. Kg4 g6 42. h5 g5 43. Rf5 Ra1 44. Rf6+ Kc5 45. Rxh6 Rxa4+ 46. Kxg5
b5 47. Re6 b4 48. h6 b3 49. Re1 Ra7 50. Kg6 Ra6+ 51. Kh5 Ra7 52. g4 Kd4 53. g5
Kc3 54. g6 Ra5+ 55. Kg4 Kc2 56. h7 Rd5 57. h8=Q Rd1 58. Rxd1 Kxd1 59. Qb2  1-0

[Event "28th 4NCL Congress"]
[Site "Leamington Spa"]
[Date "2022.07.08"]
[Round "1"]
[Board "26"]
[White "Modi, Kishan J"]
[Black "Vijayakumar, Rishi"]
[Result "1/2-1/2"]
[WhiteElo "2128"]
[BlackElo "1867"]
[PlyCount "41"]
[EventDate "2022.07.08"]
[EventRounds "5"]
[EventCountry "ENG"]

1. e4 c6 2. d4 d5 3. e5 Bf5 4. h4 h6 5. g4 Be4 6. f3 Bh7 7. e6 Qd6 8. exf7+
Kxf7 9. f4 Nf6 10. Nf3 Nxg4 11. Bh3 Bf5 12. Bxg4 Bxg4 13. O-O Bxf3 14. Qxf3 Nd7
15. f5 Nf6 16. Nc3 g5 17. fxg6+ Kxg6 18. Ne2 Rg8 19. Kh1 Qd7 20. Nf4+ Kh7 21.
Be3  1/2-1/2

[Event "28th 4NCL Congress"]
[Site "Leamington Spa"]
[Date "2022.07.08"]
[Round "1"]
[Board "27"]
[White "Miller, George I"]
[Black "Seymour, Timothy P"]
[Result "0-1"]
[WhiteElo "1847"]
[BlackElo "2125"]
[PlyCount "44"]
[EventDate "2022.07.08"]
[EventRounds "5"]
[EventCountry "ENG"]

1. c4 e6 2. Nc3 d5 3. d4 Nf6 4. cxd5 exd5 5. Bg5 c6 6. Qc2 h6 7. Bh4 Be7 8. e3
O-O 9. Bd3 Re8 10. Nge2 Nbd7 11. O-O a5 12. f3 b5 13. Rae1 Ba6 14. Bf5 Nb6 15.
Nd1 Nc4 16. Kh1 b4 17. Rg1 c5 18. Bh3 Qb6 19. g4 Rad8 20. g5 hxg5 21. Bxg5 Nh5
22. Qf5 Bc8  0-1

[Event "28th 4NCL Congress"]
[Site "Leamington Spa"]
[Date "2022.07.08"]
[Round "1"]
[Board "28"]
[White "Goater, Kevin P"]
[Black "Karas, Eugenia"]
[Result "1-0"]
[WhiteElo "2115"]
[BlackElo "1844"]
[PlyCount "47"]
[EventDate "2022.07.08"]
[EventRounds "5"]
[EventCountry "ENG"]

1. d4 d5 2. Bf4 e6 3. e3 Bd6 4. Bg3 Nf6 5. Nd2 c5 6. c3 Nc6 7. Ngf3 a6 8. Bd3
cxd4 9. exd4 Nh5 10. Qc2 h6 11. O-O O-O 12. Rae1 Nf4 13. Bh7+ Kh8 14. Ne5 Qf6
15. Bxf4 Qxf4 16. g3 Qf6 17. f4 Rd8 18. Bd3 g6 19. Ndf3 Bd7 20. Qg2 b5 21. Qh3
Kg7 22. Ng4 Qe7 23. Qxh6+ Kg8 24. Ng5  1-0

[Event "28th 4NCL Congress"]
[Site "Leamington Spa"]
[Date "2022.07.08"]
[Round "1"]
[Board "29"]
[White "Hertog, Alexander"]
[Black "Gomez, Daniel"]
[Result "0-1"]
[WhiteElo "1801"]
[BlackElo "2094"]
[PlyCount "64"]
[EventDate "2022.07.08"]
[EventRounds "5"]
[EventCountry "ENG"]

1. Nf3 Nf6 2. e3 e6 3. c4 d5 4. b3 c5 5. Bb2 Nc6 6. cxd5 exd5 7. d4 cxd4 8.
Nxd4 Bb4+ 9. Bc3 a5 10. Bb5 Qb6 11. O-O O-O 12. a4 Ne4 13. Bxb4 axb4 14. Nxc6
bxc6 15. Bd3 Ba6 16. Bxa6 Qxa6 17. Qd4 Qb7 18. f3 c5 19. Qd3 Nf6 20. Nd2 Rfd8
21. Rac1 c4 22. bxc4 dxc4 23. Qc2 c3 24. Nb3 Qa7 25. a5 Qxe3+ 26. Kh1 h5 27.
Rfe1 Qg5 28. Rcd1 Qb5 29. Re3 Re8 30. Red3 Re5 31. h3 Rae8 32. f4 Re2  0-1

[Event "28th 4NCL Congress"]
[Site "Leamington Spa"]
[Date "2022.07.08"]
[Round "1"]
[Board "30"]
[White "Ackley, Peter JE"]
[Black "Subramanian, Anusha"]
[Result "1-0"]
[WhiteElo "2092"]
[BlackElo "1705"]
[PlyCount "149"]
[EventDate "2022.07.08"]
[EventRounds "5"]
[EventCountry "ENG"]

1. g3 d5 2. Bg2 Nf6 3. Nf3 c6 4. O-O Bf5 5. b3 e6 6. Bb2 Be7 7. d3 O-O 8. Nbd2
Nbd7 9. Qe1 Rc8 10. e4 dxe4 11. dxe4 Bg6 12. Qe2 Qc7 13. Nh4 b5 14. Nxg6 hxg6
15. e5 Nd5 16. c4 bxc4 17. Nxc4 N7b6 18. Rac1 Qb7 19. Na5 Qd7 20. Rfd1 Bb4 21.
Nc4 Rfd8 22. h4 Qb7 23. a3 Be7 24. Na5 Qd7 25. Be4 Bxa3 26. Bxa3 Nc3 27. Rxc3
Qxd1+ 28. Qxd1 Rxd1+ 29. Kg2 Nd5 30. Rxc6 Rxc6 31. Nxc6 Nc3 32. Bf3 Rb1 33. Nd4
a5 34. Bd6 a4 35. bxa4 Nxa4 36. Bc6 Nc3 37. Nf3 Rb6 38. Be8 Ne4 39. Ng5 Nxg5
40. hxg5 Ra6 41. Bb5 Rb6 42. Bd3 Rb3 43. Be4 Rb2 44. Kf3 Rb3+ 45. Ke2 Rc3 46.
Bd3 Rc6 47. f4 Rb6 48. Bc5 Rb2+ 49. Ke3 Rg2 50. Kf3 Rd2 51. Be4 Rd7 52. g4 Rc7
53. Bd4 Rc8 54. f5 gxf5 55. gxf5 exf5 56. Bxf5 Rd8 57. Ke4 Kf8 58. Bc5+ Kg8 59.
g6 Rd2 60. gxf7+ Kxf7 61. e6+ Kf6 62. Bd4+ Ke7 63. Bxg7 Re2+ 64. Kd5 Rxe6 65.
Bxe6 Kd8 66. Kd6 Ke8 67. Bd5 Kd8 68. Bf7 Kc8 69. Kc6 Kb8 70. Bd4 Kc8 71. Bf6
Kb8 72. Kb6 Kc8 73. Be6+ Kb8 74. Be5+ Ka8 75. Bd5#  1-0

[Event "28th 4NCL Congress"]
[Site "Leamington Spa"]
[Date "2022.07.09"]
[Round "2"]
[Board "1"]
[White "Hebden, Mark L"]
[Black "Jackson, Oliver A"]
[Result "1-0"]
[WhiteElo "2546"]
[BlackElo "2197"]
[PlyCount "51"]
[EventDate "2022.07.08"]
[EventRounds "5"]
[EventCountry "ENG"]

1. d4 Nf6 2. Nf3 c5 3. d5 d6 4. Nc3 g6 5. e4 Bg7 6. Be2 O-O 7. O-O Na6 8. h3
Nc7 9. a4 b6 10. Bf4 Nd7 11. Qd2 a6 12. Bh6 Rb8 13. Bxg7 Kxg7 14. Rfb1 Ne5 15.
Nxe5 dxe5 16. b4 Ne6 17. Qe3 Nd4 18. bxc5 Qc7 19. Bd1 Qxc5 20. Na2 f5 21. c3
fxe4 22. cxd4 exd4 23. Qxe4 Bf5 24. Qe5+ Kg8 25. Rc1 Qa3 26. Qxd4  1-0

[Event "28th 4NCL Congress"]
[Site "Leamington Spa"]
[Date "2022.07.09"]
[Round "2"]
[Board "2"]
[White "Kolani, Arjun"]
[Black "Gormally, Daniel W"]
[Result "0-1"]
[WhiteElo "2163"]
[BlackElo "2494"]
[PlyCount "78"]
[EventDate "2022.07.08"]
[EventRounds "5"]
[EventCountry "ENG"]

1. e4 c5 2. Nf3 d6 3. d4 cxd4 4. Nxd4 Nf6 5. Nc3 a6 6. f3 e5 7. Nb3 Be6 8. Be3
Be7 9. Qd2 O-O 10. O-O-O a5 11. a4 Nc6 12. Kb1 Nb4 13. g4 Rc8 14. g5 Nh5 15.
Rg1 g6 16. Qf2 d5 17. Bb6 Qd6 18. Nb5 Qb8 19. c3 dxe4 20. Nxa5 Nc6 21. Nc4 exf3
22. Qxf3 Nf4 23. Ncd6 Bb3 24. Bc4 Bxa4 25. b3 Bxb5 26. Nxb5 Qa8 27. Kb2 Nb8 28.
Qe3 Rxc4 29. bxc4 Nc6 30. Rd7 Qa4 31. Ra1 Qxc4 32. Nc7 Bxg5 33. Qc5 Nd3+ 34.
Rxd3 Qxd3 35. Nd5 Kg7 36. Bc7 Rc8 37. Rg1 Bd2 38. Rg3 Bxc3+ 39. Nxc3 Qd2+  0-1

[Event "28th 4NCL Congress"]
[Site "Leamington Spa"]
[Date "2022.07.09"]
[Round "2"]
[Board "3"]
[White "Davies, Nigel R"]
[Black "Agnew, Alan"]
[Result "1/2-1/2"]
[WhiteElo "2441"]
[BlackElo "2195"]
[PlyCount "61"]
[EventDate "2022.07.08"]
[EventRounds "5"]
[EventCountry "ENG"]

1. d4 d5 2. Nf3 Nf6 3. c4 e6 4. cxd5 exd5 5. Nc3 Be7 6. Bg5 O-O 7. e3 Nbd7 8.
Bd3 c6 9. Qc2 Re8 10. h3 Nf8 11. O-O h6 12. Bf4 Ne6 13. Bh2 Bd6 14. Bxd6 Qxd6
15. Rfe1 Nc7 16. Rab1 Be6 17. b4 Rac8 18. a4 a6 19. Nd2 Re7 20. Ne2 Rce8 21.
Qc5 Qxc5 22. bxc5 Bc8 23. Nb3 g6 24. Ng3 Ne6 25. f3 Nf4 26. Bf1 Rxe3 27. Rxe3
Rxe3 28. Na5 Re7 29. Kf2 Kg7 30. h4 h5 31. Rb3  1/2-1/2

[Event "28th 4NCL Congress"]
[Site "Leamington Spa"]
[Date "2022.07.09"]
[Round "2"]
[Board "4"]
[White "Seymour, Timothy P"]
[Black "Jones, Steven A"]
[Result "1-0"]
[WhiteElo "2125"]
[BlackElo "2348"]
[PlyCount "30"]
[EventDate "2022.07.08"]
[EventRounds "5"]
[EventCountry "ENG"]

1. Nf3 Nf6 2. b3 g6 3. Bb2 Bg7 4. e3 O-O 5. d4 d5 6. c4 Bg4 7. Nbd2 c6 8. Be2
a5 9. O-O a4 10. bxa4 Qa5 11. h3 Bxf3 12. Nxf3 Nbd7 13. Qb3 Qxa4 14. Rfc1 Ra7
15. Bd1 dxc4  1-0

[Event "28th 4NCL Congress"]
[Site "Leamington Spa"]
[Date "2022.07.09"]
[Round "2"]
[Board "5"]
[White "Bezuidenhout, Roland"]
[Black "Richmond, Jane"]
[Result "1-0"]
[WhiteElo "2346"]
[BlackElo "2152"]
[PlyCount "89"]
[EventDate "2022.07.08"]
[EventRounds "5"]
[EventCountry "ENG"]

1. e4 e5 2. Nf3 Nc6 3. Bc4 Nf6 4. d3 Bc5 5. a4 d6 6. c3 a6 7. O-O Ba7 8. Re1
O-O 9. h3 Be6 10. Nbd2 Qd7 11. Bxe6 fxe6 12. Nf1 Kh8 13. Ng3 Rae8 14. b4 Qf7
15. b5 Ne7 16. Be3 Bxe3 17. Rxe3 Nd7 18. Ra2 d5 19. Nf1 d4 20. Re1 Ng6 21. N1h2
axb5 22. axb5 Nc5 23. g3 dxc3 24. Rc2 Qd7 25. Rxc3 Qxb5 26. Ng5 h6 27. Rf1 b6
28. Qh5 Qd7 29. Ng4 Kg8 30. Qxg6 hxg5 31. Qxg5 Qd4 32. Qxe5 Rd8 33. Qxd4 Rxd4
34. Ne5 Ra8 35. Rfc1 Ra2 36. Kg2 Rb4 37. R1c2 Rxc2 38. Rxc2 Rb3 39. Rd2 Rc3 40.
Kf3 b5 41. Ke3 b4 42. Rb2 Na6 43. Nc4 Kf7 44. Kd2 c5 45. Nd6+  1-0

[Event "28th 4NCL Congress"]
[Site "Leamington Spa"]
[Date "2022.07.09"]
[Round "2"]
[Board "6"]
[White "Gomez, Daniel"]
[Black "Schwartz, Julius"]
[Result "1-0"]
[WhiteElo "2094"]
[BlackElo "2285"]
[PlyCount "113"]
[EventDate "2022.07.08"]
[EventRounds "5"]
[EventCountry "ENG"]

1. e4 c5 2. Nf3 d6 3. d4 cxd4 4. Nxd4 Nf6 5. Nc3 a6 6. h3 e5 7. Nde2 h5 8. g3
b5 9. a4 b4 10. Nd5 Bb7 11. Bg2 Nxd5 12. exd5 a5 13. Be3 Be7 14. O-O Nd7 15. c4
Rc8 16. b3 O-O 17. Nc1 h4 18. Nd3 Bf6 19. Rc1 hxg3 20. fxg3 Bg5 21. Qd2 Bxe3+
22. Qxe3 Qb6 23. Qxb6 Nxb6 24. g4 Nd7 25. Rce1 Nc5 26. Nxc5 Rxc5 27. Rf2 f6 28.
Be4 Kf7 29. g5 Ke7 30. Ref1 Bc8 31. Rf3 Bd7 32. Kg2 Rcc8 33. Bg6 Rh8 34. R1f2
Rcf8 35. Rf1 Rh4 36. Bf5 Bxf5 37. Rxf5 Rd4 38. R1f3 e4 39. Re3 fxg5 40. Rxg5
Kf6 41. Rg4 Re8 42. Kg3 g5 43. h4 Re5 44. Rf3+ exf3 45. Rxd4 Re3 46. hxg5+ Kg6
47. c5 dxc5 48. d6 Re8 49. d7 Rd8 50. Rd5 Kf7 51. Kxf3 Ke6 52. Rxc5 Rxd7 53.
Ke4 Ra7 54. Rc6+ Kd7 55. Kd5 Ra8 56. g6 Rh8 57. Ra6  1-0

[Event "28th 4NCL Congress"]
[Site "Leamington Spa"]
[Date "2022.07.09"]
[Round "2"]
[Board "7"]
[White "Martin, Lewis"]
[Black "Stubbs, Oliver"]
[Result "0-1"]
[WhiteElo "2273"]
[BlackElo "2134"]
[PlyCount "104"]
[EventDate "2022.07.08"]
[EventRounds "5"]
[EventCountry "ENG"]

1. e4 e6 2. d4 d5 3. exd5 exd5 4. Nf3 Nf6 5. Bd3 Bd6 6. O-O O-O 7. Bg5 Bg4 8.
Nbd2 Nbd7 9. c4 c6 10. c5 Be7 11. Qc2 Bxf3 12. Nxf3 Ne4 13. Bxe7 Qxe7 14. Bxe4
dxe4 15. Nd2 Nf6 16. Rfe1 Rad8 17. Nxe4 Rxd4 18. Nd6 Qd7 19. Rad1 Rxd1 20. Qxd1
Nd5 21. Qd4 b6 22. b4 Rd8 23. a3 Nc7 24. Qe3 bxc5 25. bxc5 Ne6 26. Rb1 h6 27.
Rd1 a5 28. f4 Qa7 29. g3 Qxc5 30. Qxc5 Nxc5 31. Rc1 Rxd6 32. Rxc5 Rd5 33. Rxc6
Rd3 34. f5 Rxa3 35. Kg2 Ra2+ 36. Kh3 h5 37. f6 g6 38. Kh4 Kh7 39. Kg5 Rf2 40.
Ra6 Rf5+ 41. Kh4 Kh6 42. g4 Rf4 43. h3 g5+ 44. Kg3 h4+ 45. Kg2 a4 46. Kh2 Rf2+
47. Kg1 Rf3 48. Kg2 Rg3+ 49. Kh2 a3 50. Ra5 Kg6 51. Ra6 Rb3 52. Kg2 Rb2+  0-1

[Event "28th 4NCL Congress"]
[Site "Leamington Spa"]
[Date "2022.07.09"]
[Round "2"]
[Board "8"]
[White "Shearsby, Jude"]
[Black "Sedykh, Mikhail"]
[Result "1/2-1/2"]
[WhiteElo "2071"]
[BlackElo "2273"]
[PlyCount "55"]
[EventDate "2022.07.08"]
[EventRounds "5"]
[EventCountry "ENG"]

1. e4 e6 2. d4 d5 3. Nc3 dxe4 4. Nxe4 Nd7 5. Nf3 Ngf6 6. Nxf6+ Nxf6 7. Bd3 c5
8. O-O cxd4 9. Nxd4 Bc5 10. Nb3 Bd6 11. Qf3 Qc7 12. h3 Bd7 13. Nd4 O-O 14. Re1
Qa5 15. c3 Qd5 16. Qxd5 Nxd5 17. Be4 Rab8 18. Bxd5 exd5 19. Be3 Rfd8 20. Rad1
b6 21. Ne2 Be6 22. Bf4 Kf8 23. Bxd6+ Rxd6 24. Rd4 Rc8 25. Red1 Ke7 26. Nf4 Rc5
27. h4 Rc4 28. f3  1/2-1/2

[Event "28th 4NCL Congress"]
[Site "Leamington Spa"]
[Date "2022.07.09"]
[Round "2"]
[Board "9"]
[White "Walker, Martin G"]
[Black "Goater, Kevin P"]
[Result "1/2-1/2"]
[WhiteElo "2232"]
[BlackElo "2115"]
[PlyCount "75"]
[EventDate "2022.07.08"]
[EventRounds "5"]
[EventCountry "ENG"]

1. e4 c6 2. d4 d5 3. exd5 cxd5 4. c4 Nf6 5. Nc3 g6 6. Qb3 Bg7 7. cxd5 O-O 8.
Nge2 b6 9. Nf4 Bb7 10. Bc4 Na6 11. O-O Nc7 12. Be3 Rb8 13. Rac1 a6 14. a4 b5
15. axb5 axb5 16. Be2 Nfxd5 17. Ncxd5 Nxd5 18. Bf3 Nxe3 19. fxe3 Bxf3 20. Rxf3
e5 21. dxe5 Bxe5 22. Ne6 Qd6 23. Nxf8 Bxh2+ 24. Kh1 Rxf8 25. Rcf1 Qc7 26. Qxb5
Kg7 27. Qd5 f6 28. Rd1 Rf7 29. b4 Be5 30. b5 Qa5 31. e4 h5 32. Rb1 Qb6 33. Qc6
Qa5 34. Qa6 Qd2 35. b6 Qc2 36. Qd3 Qc8 37. Qe2 Rb7 38. Rfb3  1/2-1/2

[Event "28th 4NCL Congress"]
[Site "Leamington Spa"]
[Date "2022.07.09"]
[Round "2"]
[Board "10"]
[White "Brewer, Callum D"]
[Black "Ackley, Peter JE"]
[Result "1-0"]
[WhiteElo "2226"]
[BlackElo "2092"]
[PlyCount "59"]
[EventDate "2022.07.08"]
[EventRounds "5"]
[EventCountry "ENG"]

1. e4 g6 2. d4 d6 3. Nc3 c6 4. f4 d5 5. e5 h5 6. Nf3 Nh6 7. Be3 Bg4 8. h3 Nf5
9. Bf2 Bxf3 10. Qxf3 h4 11. Bd3 e6 12. Ne2 Qb6 13. O-O c5 14. c3 Nc6 15. a4
cxd4 16. b4 Be7 17. a5 Qc7 18. Bxf5 gxf5 19. Nxd4 Nxd4 20. Bxd4 a6 21. Rfb1 Qc4
22. Qf1 Qxf1+ 23. Kxf1 Kd7 24. b5 axb5 25. Rxb5 Rhb8 26. Rab1 Kc8 27. Bb6 Bd8
28. c4 dxc4 29. Rd1 Be7 30. Rc5+  1-0

[Event "28th 4NCL Congress"]
[Site "Leamington Spa"]
[Date "2022.07.09"]
[Round "2"]
[Board "11"]
[White "Ogunshola, Olugbemiga (Ben)"]
[Black "Li, Ethan Bingxuan"]
[Result "1-0"]
[WhiteElo "2224"]
[BlackElo "1902"]
[PlyCount "131"]
[EventDate "2022.07.08"]
[EventRounds "5"]
[EventCountry "ENG"]

1. c4 c6 2. Nf3 d5 3. b3 Bf5 4. g3 e6 5. Bg2 Nf6 6. O-O h6 7. d3 Nbd7 8. Nbd2
Be7 9. Bb2 O-O 10. Re1 Bh7 11. Rc1 a5 12. Ne5 Nxe5 13. Bxe5 Nd7 14. Bb2 a4 15.
Qc2 dxc4 16. Nxc4 Nb6 17. Nxb6 Qxb6 18. bxa4 Qb4 19. Bc3 Qxa4 20. Qxa4 Rxa4 21.
Rb1 Ra7 22. Bd4 c5 23. Be3 Rxa2 24. Rxb7 Bd6 25. Rd7 Be5 26. Bxc5 Rc8 27. Bb7
Rb8 28. d4 Bf6 29. e4 Rb2 30. Bc6 Rb1 31. Rxb1 Rxb1+ 32. Kg2 Rb8 33. h4 Bg6 34.
e5 Bxe5 35. h5 Bxh5 36. dxe5 Rc8 37. Rd6 Bg6 38. Kf3 Bd3 39. Ke3 Bb5 40. Bxb5
Rxc5 41. Rd8+ Kh7 42. Bd3+ g6 43. Kd4 Ra5 44. Rd7 Kg8 45. f3 h5 46. Be4 Ra1 47.
Ke3 h4 48. gxh4 Rh1 49. Kf4 Rxh4+ 50. Kg5 Rh5+ 51. Kf6 Rh4 52. Rd8+ Kh7 53.
Kxf7 Rf4+ 54. Kxe6 Kg7 55. Rd7+ Kh6 56. Rf7 Rh4 57. Rf6 Kg7 58. Rxg6+ Kf8 59.
f4 Rh2 60. f5 Ra2 61. f6 Ra6+ 62. Kf5 Ra5 63. Rh6 Rc5 64. Kg6 Ke8 65. Bf5 Kd8
66. e6  1-0

[Event "28th 4NCL Congress"]
[Site "Leamington Spa"]
[Date "2022.07.09"]
[Round "2"]
[Board "12"]
[White "Hill, Andy"]
[Black "Modi, Shyam Jagdish"]
[Result "0-1"]
[WhiteElo "2008"]
[BlackElo "2222"]
[PlyCount "96"]
[EventDate "2022.07.08"]
[EventRounds "5"]
[EventCountry "ENG"]

1. Nf3 Nf6 2. c4 g6 3. d4 Bg7 4. g3 O-O 5. Bg2 d6 6. O-O Nbd7 7. Nc3 e5 8. dxe5
dxe5 9. Bg5 h6 10. Bxf6 Qxf6 11. Nd2 Qd8 12. Qc2 f5 13. Rad1 c6 14. Nb3 Qe7 15.
e4 f4 16. Rd3 g5 17. Rfd1 g4 18. Qd2 Nc5 19. Nxc5 Qxc5 20. b3 Qe7 21. Rd6 Be6
22. Na4 Rae8 23. Nc5 Bc8 24. b4 Rf6 25. Rd8 Rxd8 26. Qxd8+ Qxd8 27. Rxd8+ Rf8
28. Rd2 b6 29. Nb3 Bf6 30. Bf1 Rd8 31. Rxd8+ Bxd8 32. Bd3 Be7 33. a3 f3 34. Kf1
Be6 35. Na1 Bg5 36. Ke1 a6 37. a4 Kf8 38. Kd1 Ke7 39. Kc2 Kd7 40. Nb3 Be7 41.
Kc3 Kc7 42. Bf1 a5 43. bxa5 bxa5 44. Kd2 Bb4+ 45. Ke3 Kb6 46. Kd3 Bd7 47. Na1
Bc5 48. Nc2 Bxf2  0-1

[Event "28th 4NCL Congress"]
[Site "Leamington Spa"]
[Date "2022.07.09"]
[Round "2"]
[Board "13"]
[White "Varley, Joe"]
[Black "Quillan, Gary"]
[Result "0-1"]
[WhiteElo "2047"]
[BlackElo "2386"]
[PlyCount "107"]
[EventDate "2022.07.08"]
[EventRounds "5"]
[EventCountry "ENG"]

1. e4 e6 2. d4 d5 3. Nd2 Nf6 4. e5 Nfd7 5. Bd3 c5 6. c3 Nc6 7. Ne2 cxd4 8. cxd4
f6 9. exf6 Nxf6 10. O-O Bd6 11. Nf3 Qc7 12. Bg5 O-O 13. Rc1 Bd7 14. Ng3 Rae8
15. Re1 Re7 16. Ne5 Be8 17. Ng4 Bf4 18. Nxf6+ gxf6 19. Bxf4 Qxf4 20. Ne2 Qh6
21. Rc3 a6 22. Bb1 Rg7 23. Kh1 Qh4 24. Rh3 Qxf2 25. Bxh7+ Kf7 26. Rg1 f5 27.
Qd3 Bd7 28. a3 Ke7 29. Rf3 Qh4 30. Rh3 Qf6 31. Nf4 Rff7 32. Nh5 Qxd4 33. Qxd4
Nxd4 34. Nxg7 Rxg7 35. Re1 Kf7 36. Ree3 Nc6 37. Rb3 b5 38. Rh4 d4 39. g4 fxg4
40. Be4 e5 41. Rh6 Na5 42. Rg3 Be6 43. Rg2 Nc4 44. Rf2+ Ke7 45. Rff6 Bc8 46.
Rc6 Rg8 47. Rh7+ Kd8 48. Bd5 Rf8 49. Bxc4 bxc4 50. Rxc4 Bf5 51. Rg7 d3 52. Rc1
e4 53. Rd1 e3 54. Rxg4  0-1

[Event "28th 4NCL Congress"]
[Site "Leamington Spa"]
[Date "2022.07.09"]
[Round "2"]
[Board "14"]
[White "Weersing, Abigail R"]
[Black "Gallana, Marco"]
[Result "0-1"]
[WhiteElo "2041"]
[BlackElo "2344"]
[PlyCount "166"]
[EventDate "2022.07.08"]
[EventRounds "5"]
[EventCountry "ENG"]

1. d4 Nf6 2. c4 d6 3. Nc3 e5 4. d5 Bf5 5. Bg5 Be7 6. Bxf6 Bxf6 7. e4 Bc8 8. Nf3
Nd7 9. Bd3 O-O 10. O-O g6 11. Ne2 Bg7 12. Ng3 a5 13. Bc2 Nc5 14. Qd2 Bg4 15.
Ne1 Qh4 16. f3 Bh6 17. Qf2 Bd7 18. Ne2 Qxf2+ 19. Kxf2 f5 20. Ng3 b5 21. b3 Bd2
22. Rd1 Bc3 23. Nd3 Nxe4+ 24. fxe4 fxe4+ 25. Kg1 exd3 26. Bxd3 Bd4+ 27. Kh1 b4
28. Bc2 Kg7 29. Ne4 h6 30. h3 g5 31. Kh2 Bf5 32. Rde1 Bg6 33. g3 Rxf1 34. Rxf1
a4 35. bxa4 Bxe4 36. Bxe4 Rxa4 37. Bb1 Ra3 38. Kg2 Rc3 39. Rf3 Rxc4 40. Bf5 Rc1
41. Rf1 Rc3 42. Rf3 Rc1 43. Rf1 Rc5 44. Rb1 Bc3 45. Rd1 Ra5 46. Bb1 Bd4 47. Rc1
Bb6 48. Rd1 h5 49. Kf3 Rc5 50. Be4 Rc3+ 51. Bd3 Ra3 52. Rd2 Kf6 53. Ke4 Bc5 54.
g4 h4 55. Re2 Bb6 56. Rb2 Bc5 57. Rc2 Ra8 58. Bc4 Kg6 59. Rc1 Rf8 60. Rf1 Bf2
61. Kd3 Rf4 62. Bb3 e4+ 63. Ke2 e3 64. Rd1 Kf6 65. Rc1 Rd4 66. Rd1 Rxd1 67.
Kxd1 Ke5 68. Bc4 Ke4 69. Ke2 Kf4 70. Kd1 Kf3 71. Bf1 Bg3 72. Bd3 Kf2 73. Bb5
Bf4 74. Bd3 Bg3 75. Bb5 Be5 76. Bd3 Bf4 77. Bb5 Kg2 78. Ke2 Kxh3 79. Kf3 Kh2
80. Bf1 e2 81. Bxe2 Kg1 82. Ke4 h3 83. Bf3 h2  0-1

[Event "28th 4NCL Congress"]
[Site "Leamington Spa"]
[Date "2022.07.09"]
[Round "2"]
[Board "15"]
[White "Dignam, Matthew P"]
[Black "Buanne, Luca"]
[Result "1/2-1/2"]
[WhiteElo "2289"]
[BlackElo "2038"]
[PlyCount "83"]
[EventDate "2022.07.08"]
[EventRounds "5"]
[EventCountry "ENG"]

1. e4 c5 2. Nf3 d6 3. d4 cxd4 4. Nxd4 Nf6 5. Nc3 a6 6. Be2 e5 7. Nb3 Be7 8. g4
h6 9. Be3 Be6 10. Nd5 Bxd5 11. exd5 Nbd7 12. c4 Ng8 13. Qd2 b6 14. O-O Bg5 15.
f4 Bxf4 16. Bxf4 exf4 17. Qxf4 Ne5 18. Nd4 Ne7 19. Rf2 O-O 20. Raf1 N7g6 21.
Qg3 Qh4 22. Qg2 Ne7 23. b3 Rac8 24. a4 Rfd8 25. Nf3 Nxf3+ 26. Qxf3 Rf8 27. Bd3
Qg5 28. Qg3 Ng6 29. Qxd6 Ne5 30. Bf5 Nxg4 31. Rg2 Rcd8 32. Qf4 Qxf4 33. Rxf4
Ne3 34. Re2 Nxf5 35. Rxf5 Rfe8 36. Kf2 a5 37. Kf3 Kf8 38. Re4 Rxe4 39. Kxe4 Ke7
40. Ke5 f6+ 41. Kd4 Kd6 42. Rf3  1/2-1/2

[Event "28th 4NCL Congress"]
[Site "Leamington Spa"]
[Date "2022.07.09"]
[Round "2"]
[Board "16"]
[White "Taylor, Adam A"]
[Black "Brixel, Christof"]
[Result "1-0"]
[WhiteElo "2288"]
[BlackElo "2026"]
[PlyCount "55"]
[EventDate "2022.07.08"]
[EventRounds "5"]
[EventCountry "ENG"]

1. Nf3 Nf6 2. g3 d5 3. Bg2 c5 4. O-O Nc6 5. c4 d4 6. e3 d3 7. b3 e5 8. Bb2 Bd6
9. Ng5 Bg4 10. Bf3 Bf5 11. Nc3 Qd7 12. a3 h6 13. Nge4 Nxe4 14. Bxe4 O-O 15. f4
exf4 16. gxf4 Bxe4 17. Nxe4 f5 18. Nxd6 Qxd6 19. Kh1 Rf7 20. Qf3 Rb8 21. a4 Qe6
22. Bc3 Re8 23. Rg1 Kh7 24. Rg2 Qe4 25. Qh5 Nd8 26. Qg6+ Kg8 27. Bxg7 Re6 28.
Bf6+  1-0

[Event "28th 4NCL Congress"]
[Site "Leamington Spa"]
[Date "2022.07.09"]
[Round "2"]
[Board "17"]
[White "Bradbury, Neil H"]
[Black "Chan, Sheng Liang Bernard"]
[Result "1-0"]
[WhiteElo "2274"]
[BlackElo "2037"]
[PlyCount "94"]
[EventDate "2022.07.08"]
[EventRounds "5"]
[EventCountry "ENG"]

1. d4 Nf6 2. Nf3 e6 3. Bg5 d5 4. e3 Nbd7 5. Nbd2 Be7 6. Bd3 c5 7. c3 O-O 8. O-O
b6 9. a4 a5 10. Ne5 Nxe5 11. dxe5 Nd7 12. Bxe7 Qxe7 13. f4 f6 14. Qh5 g6 15.
Qh4 Qg7 16. Qh3 Re8 17. Nf3 c4 18. Bc2 fxe5 19. Nxe5 Ra7 20. Qg3 Rf8 21. Nf3
Nc5 22. h4 Kh8 23. Ng5 Qf6 24. h5 gxh5 25. Qh4 Qh6 26. Rf3 e5 27. fxe5 Rxf3 28.
Nxf3 Qxe3+ 29. Kh1 Ne6 30. Re1 Qf4 31. Qxh5 Rg7 32. Qh2 Bd7 33. Nd4 Qxh2+ 34.
Kxh2 Nxd4 35. cxd4 Be6 36. Bd1 Rf7 37. Bf3 Rc7 38. Rc1 Kg7 39. Kg3 Kf7 40. Kf4
Ke8 41. Kg5 Rg7+ 42. Kf4 Rf7+ 43. Ke3 Kd7 44. Kd2 Rf4 45. Ke3 Rf7 46. Rh1 Rg7
47. Rh6 Rf7  1-0